000 00423nam a2200181Ia 4500
008 100917s9999 xx 000 0 und d
082 _b46875
100 _aJanet NcNeill
245 _aA Helping Hand
260 _bH. H.
_c1971
300 _a48
365 _b0
520 _aबालविभाग
630 _aA Helping Hand
650 _aबालविभाग
730 _aA Helping Hand
942 _cBOOK
999 _c652269
_d652266